Μικρή ιστορία του κόσμου
Αποθηκεύτηκε σε:
| Κύριος συγγραφέας: | |
|---|---|
| Μορφή: | Βιβλίο |
| Γλώσσα: | Greek German |
| Δημοσίευση: |
Αθήνα :
Πατάκης,
c2007.
|
| Σειρά: | Θεωρητικές επιστήμες - Ιστορία (Πατάκης)
|
| Θέματα: | |
| Ετικέτες: |
Προσθήκη ετικέτας
Δεν υπάρχουν, Καταχωρήστε ετικέτα πρώτοι!
|
MARC
| LEADER | 00000cam a2200000 i 4500 | ||
|---|---|---|---|
| 001 | 1/10483 | ||
| 008 | 101006s2007 gr | ||| |||| ||gre|| | ||
| 020 | |a 9789601623658 | ||
| 035 | |l 10109028 | ||
| 040 | |a GR-MyUa |b gre |e AACR2 | ||
| 041 | 1 | |a gre |h ger | |
| 082 | 7 | |a 909 |2 (22) | |
| 100 | 1 | |a Gombrich, E. H. |q (Ernst Hans), |d 1909-2001. | |
| 245 | 1 | 0 | |a Μικρή ιστορία του κόσμου / |c Ernst Gombrich ; μετάφραση Έλενα Καμηλάρη. |
| 260 | |a Αθήνα : |b Πατάκης, |c c2007. | ||
| 300 | |a 349 σ. ; |c 21 εκ. | ||
| 490 | 1 | |a (Θεωρητικές επιστήμες. Ιστορία / Πατάκης) | |
| 500 | |a Τίτλος πρωτοτύπου: Eine kurze Weltgeschichte für junge Leser. | ||
| 500 | |a Το παράρτημα Σάμου έχει την 14η ανατύπωση (Ιαν. 2009). | ||
| 500 | |a Το παράρτημα Σύρου έχει την 29η ανατύπωση (Ιαν. 2013). | ||
| 650 | 0 | |a World history |x Juvenile literature. | |
| 830 | 0 | |a Θεωρητικές επιστήμες - Ιστορία (Πατάκης) | |
| 852 | |a INST |b SAMOS |e 20101006 |h 909 GOM |p 005300033218 |q 005300033218 |t BK |y 0 | ||
| 852 | |a INST |b SYROS |c EUDOXUS |e 20130425 |h 909 GOM |p 005500010698 |q 005500010698 |t EDX |y 0 | ||
| 901 | |a BIBL5-2013-1 | ||
| 901 | |a BIBL3-2010-3 | ||
| 920 | |a Εύδοξος |b Παραγγελία |y Σύρος-ΤΜΣΠΣ |z 2013-04 | ||
| 970 | |a Γουβάλα |b Βάσω |z 10/06/2010 | ||